Kant et le Probléme de la métaphysique

Sábháilte in:
Sonraí bibleagrafaíochta
Príomhchruthaitheoir: Heidegger, Martin
Formáid: LEABHAR
Teanga:Undetermined
Foilsithe / Cruthaithe: Frankfurt, Alemania Gallimard 1981
Ábhair:
Clibeanna: Cuir clib leis
Níl clibeanna ann, Bí ar an gcéad duine le clib a chur leis an taifead seo!

MARC

LEADER 00000nam a2200000Ia 4500
008 170316s9999 xx 000 0 und d
090 |a 100 H-13k 
100 |a Heidegger, Martin 
245 |a Kant et le Probléme de la métaphysique 
260 |a Frankfurt, Alemania 
260 |b Gallimard 
260 |c 1981 
300 |a 308 páginas 
650 |a FILOSOFÍA 
999 |c 16435  |d 16435 
040 |a cru BVZT 
942 |c 15 D  |h 100 H-13k  |2 z